On Fascism and Neo Fascism (Record no. 759407)

MARC details
000 -LEADER
fixed length control field 00457nam a22001817a 4500
003 - CONTROL NUMBER IDENTIFIER
control field OSt
005 - DATE AND TIME OF LATEST TRANSACTION
control field 20260508123759.0
008 - FIXED-LENGTH DATA ELEMENTS--GENERAL INFORMATION
fixed length control field 260508b |||||||| |||| 00| 0 eng d
020 ## - INTERNATIONAL STANDARD BOOK NUMBER
International Standard Book Number 9789375876182
040 ## - CATALOGING SOURCE
Transcribing agency kul
082 ## - DEWEY DECIMAL CLASSIFICATION NUMBER
Classification number 320.533 BAB.O
084 ## - OTHER CLASSIFICATION NUMBER
Source of Number Colon Classification
100 ## - MAIN ENTRY--PERSONAL NAME
Personal name M A BABY
9 (RLIN) 14411
245 ## - TITLE STATEMENT
Title On Fascism and Neo Fascism
260 ## - PUBLICATION, DISTRIBUTION, ETC.
Place of publication, distribution, etc. Thiruvananthapuram,
Name of publisher, distributor, etc. Chintha Publishers,
Date of publication, distribution, etc. 2026.
300 ## - PHYSICAL DESCRIPTION
Extent 376p.
942 ## - ADDED ENTRY ELEMENTS (KOHA)
Source of classification or shelving scheme Dewey Decimal Classification
Koha item type Book
Holdings
Withdrawn status Lost status Source of classification or shelving scheme Damaged status Not for loan Home library Current library Shelving location Date acquired Total Checkouts Full call number Barcode Date last seen Price effective from Koha item type
    Dewey Decimal Classification     Dept. of Islamic Studies Dept. of Islamic Studies Book Cart 08/05/2026   320.533 BAB.O ISL8443 08/05/2026 08/05/2026 Book